000 00275nam a22001217a 4500
008 170425b xxu||||| |||| 00| 0 eng d
041 _aeng
080 _a547
100 _a12
101 _aSHM
245 _aPRINCIPLES ORGANIC CHEMISTRY
_cCASSSIDY.H.G
942 _2udc
_cBK
999 _c11883
_d11883